MEMAHAMI RUANG ANGKASA / (Record no. 179837)
[ view plain ]
| 000 -LEADER | |
|---|---|
| fixed length control field | 01379nam a22004571i 4500 |
| 001 - CONTROL NUMBER | |
| control field | vtls000626431 |
| 003 - CONTROL NUMBER IDENTIFIER | |
| control field | PNM |
| 005 - DATE AND TIME OF LATEST TRANSACTION | |
| control field | 20201112110825.0 |
| 008 - FIXED-LENGTH DATA ELEMENTS--GENERAL INFORMATION | |
| fixed length control field | 110609s2011 my a jr| 000 0 may |
| 015 ## - NATIONAL BIBLIOGRAPHY NUMBER | |
| National bibliography number | M11-05532 |
| 020 ## - INTERNATIONAL STANDARD BOOK NUMBER | |
| International Standard Book Number | 9789675581090 (set) : |
| Terms of availability | RM118.00 |
| International Standard Book Number | 9789675581137 |
| Qualifying information | paperback |
| 039 #9 - LEVEL OF BIBLIOGRAPHIC CONTROL AND CODING DETAIL [OBSOLETE] | |
| Level of rules in bibliographic description | 201112011603 |
| Level of effort used to assign nonsubject heading access points | faezah |
| Level of effort used to assign subject headings | 201106091545 |
| Level of effort used to assign classification | suzilawati |
| Level of effort used to assign subject headings | 201106091539 |
| Level of effort used to assign classification | suzilawati |
| Level of effort used to assign subject headings | 201105100829 |
| Level of effort used to assign classification | azril |
| 040 ## - CATALOGING SOURCE | |
| Original cataloging agency | BNM |
| Transcribing agency | PNM |
| Language of cataloging | eng |
| Modifying agency | PPAK |
| Description conventions | rda |
| 049 ## - LOCAL HOLDINGS (OCLC) | |
| Holding library | klpmal |
| 082 04 - DEWEY DECIMAL CLASSIFICATION NUMBER | |
| Classification number | 507 |
| Edition number | 22 |
| 090 00 - LOCALLY ASSIGNED LC-TYPE CALL NUMBER (OCLC); LOCAL CALL NUMBER (RLIN) | |
| Classification number (OCLC) (R) ; Classification number, CALL (RLIN) (NR) | 507 |
| Feature heading | MEM |
| Feature heading | K |
| 245 00 - TITLE STATEMENT | |
| Title | MEMAHAMI RUANG ANGKASA / |
| Statement of responsibility, etc. | Penyusun : Tengku Fairus Raja Hassan |
| 260 ## - PUBLICATION, DISTRIBUTION, ETC. | |
| Place of publication, distribution, etc. | Petaling Jaya : |
| Name of publisher, distributor, etc. | OSC Pub. & Marketing, |
| Date of publication, distribution, etc. | 2010 |
| 300 ## - PHYSICAL DESCRIPTION | |
| Extent | 28 pages : |
| Other physical details | illustrations ; |
| Dimensions | 26cm. |
| 336 ## - CONTENT TYPE | |
| Source | rdacontent |
| Content type term | text |
| 337 ## - MEDIA TYPE | |
| Source | rdamedia |
| Media type term | unmediated |
| 338 ## - CARRIER TYPE | |
| Source | rdacarrier |
| Carrier type term | volume |
| 490 1# - SERIES STATEMENT | |
| Series statement | Siri bacaan sains asas |
| 500 ## - GENERAL NOTE | |
| General note | Includes exercises. |
| 650 10 - SUBJECT ADDED ENTRY--TOPICAL TERM | |
| Topical term or geographic name entry element | Space |
| Form subdivision | Juvenile literature |
| Topical term or geographic name entry element | Science |
| Form subdivision | Juvenile literature |
| 700 0# - ADDED ENTRY--PERSONAL NAME | |
| Personal name | Tengku Fairus Raja Hassan |
| 830 #0 - SERIES ADDED ENTRY--UNIFORM TITLE | |
| Uniform title | Siri bacaan sains asas |
| 942 ## - ADDED ENTRY ELEMENTS (KOHA) | |
| Source of classification or shelving scheme | Dewey Decimal Classification |
| Koha item type | Book |
| 949 ## - LOCAL PROCESSING INFORMATION (OCLC) | |
| 6 | 2000367340 |
| a | 507 MEM M |
| 6 | 2000367341 |
| a | 507 MEM M |
| 6 | 1000550270 |
| 6 | 1000550271 |
| 6 | 1000550272 |
| 6 | 1000550273 |
| 6 | 1000550274 |
| 6 | 1000550275 |
| 6 | 1000550276 |
| 6 | 1000550277 |
| Withdrawn | Not for loan | Current library | Shelving location | Date acquired | Full call number | Barcode | Date last seen | Koha item type |
|---|---|---|---|---|---|---|---|---|
| Bergerak 4, Sungai Petani | Pinjaman Kanak-kanak | 26/11/2020 | K 507 MEM | A00739588 | 26/11/2020 | Book |